Missing Word: Portmanteaus Quiz Stats

 Plays Quiz Updated Aug 7, 2019

Score 0/20 Timer 04:00
1 Play Today
Portmanteau Word % Correct
Microsoft = microcomputer + _____software
90.1%
Brexit = _____ + exitBritain
90%
vlog = _____ + blogvideo
86.3%
cockapoo = Cocker Spaniel + _____poodle
85.9%
Interpol = international + _____police
85.3%
hazmat = hazardous + _____material
84.8%
jeggings = _____ + leggingsjeans
79.1%
paratrooper = _____ + trooperparachute
75.3%
cosplay = _____ + role playcostume
73.5%
carjack = car + _____hijack
69.2%
Portmanteau Word % Correct
cronut = _____ + donutcroissant
66.6%
malware = _____ + softwaremalicious
65.7%
banjolele = banjo + _____ukulele
61.7%
fortnight = _____ + nightsfourteen
58.9%
Walmart = _____ + martWalton
53.3%
Comcast = _____ + broadcastcommunication
53.3%
Pokémon = _____ + monsterspocket
41.3%
electrocute = electric + _____execute
41.2%
chortle = chuckle + _____snort
35.4%
tangelo = tangerine + _____pomelo
27.5%

Today's Daily Dose

Missing Word
Sherlocks

Word Ladder
King of the Hill

Quick Pick
Songs in Pink

Get the Picture
NBA Teammates

You're not logged in!

Compare scores with friends on all Sporcle quizzes.
OR
Log In

Sporcle TV

Today on Sporcle TV


Watch our educational content, quiz creation guides, and fun videos on Sporcle TV.

Show Comments

Extras

Top Quizzes Today


Score Distribution

Your Account Isn't Verified!

In order to create a playlist on Sporcle, you need to verify the email address you used during registration. Go to your Sporcle Settings to finish the process.

Report this User

Report this user for behavior that violates our Community Guidelines.

Details: